Najdziwniejsze Flagi Państw - Statystyki

Ogólne statystyki
  • Ten quiz został rozwiązany 476 razy
    322 od ostatniego zresetowania
  • Średni wynik to 7 z 12
Statystyki odpowiedzi
Obrazkowy Odpowiedź % Poprawnych
Nepal
96%
Turkmenistan
86%
Guam
83%
bhutan
79%
Angola
76%
Kirgistan
75%
Mozambik
70%
Eswatini
63%
Wyspa Man
53%
Mariany Północne
28%
Wyspy Dziewicze Stanów Zjednoczonych
17%
Emirat Północokaukaski
1%
Nie znaleziono quizów pasujących do podanych kryteriów
Rozkład punktacji
Procent ludzi z każdym wynikiem
Percentyl według liczby udzielonych odpowiedzi
Twoja historia wyników
Nie rozwiązałeś tego quizu od ostatniego zresetowania